| 000 | 00611nam a2200241 a 4500 | ||
|---|---|---|---|
| 001 | nice12345678 | ||
| 003 | IN_TiNIC | ||
| 005 | 20260116012642.0 | ||
| 008 | 050524s1912 cala grp 000 0 ara | ||
| 020 |
_a _c100 |
||
| 082 | 0 | 0 |
_a297.4 _bFAR8 |
| 100 | _aFarangi Mahali, Muhammad Barkatullah | ||
| 245 | _aIkhwan-Us-safa | ||
| 260 |
_aCalcutta _bM.A Qayoom Book Seller _c1912 |
||
| 300 | _a120p | ||
| 500 | _aincludes index and biblioraphy | ||
| 650 | _aSufism | ||
| 650 | _aIkhwan-Us-Sufa | ||
| 700 | 1 | _aFarangi Mahali, Muhammad Barkatullah | |
| 902 | _bRBA | ||
| 942 | _cBK | ||
| 999 |
_c7815 _d7815 |
||